| 000 | 00000nam 2200000za 4500 |
| 001 | 9.802847 |
| 003 | CaOODSP |
| 005 | 20221107135056 |
| 007 | cr ||||||||||| |
| 008 | 150420s2015 onc|||||o f|0| 0 fre d |
| 040 | |aCaOODSP|bfre |
| 043 | |an-cn--- |
| 086 | 1 |aFR5-92/2015F-PDF |
| 245 | 03|aLe développement au service de la population du nord |h[ressource électronique] : |brésultats obtenus durant la présidence canadienne du Conseil de l'Arctique 2013-2015. |
| 260 | |a[Ottawa] : |bAffaires étrangères, Commerce et Développement Canada, |c2015. |
| 300 | |a[15] p. : |bill., photos. |
| 500 | |aPublié aussi en anglais sous le titre : Development for the people of the North - results achieved during Canada's Arctic Council Chairmanship 2013-2015. |
| 500 | |aEn tête de titre : Iqaluit 2015. |
| 500 | |aLe n° de catalogue (FR5-92/2015) et l’ISBN (978-0-662-03907-5) de l'édition imprimée bilingue ont été copiés dans l’édition électronique. |
| 692 | 07|2gccst|aArctique |
| 692 | 07|2gccst|aDéveloppement du Nord |
| 692 | 07|2gccst|aInuit |
| 710 | 1 |aCanada.|bAffaires étrangères, Commerce et Développement Canada. |
| 710 | 1 |aConseil de l'Arctique. |
| 775 | 08|tDevelopment for the people of the North |w(CaOODSP)9.802836 |
| 776 | 0#|tLe Développement au service de la population du Nord |w(CaOODSP)9.800031 |
| 856 | 40|qPDF|s5.36 Mo|uhttps://publications.gc.ca/collections/collection_2015/maecd-dfatd/FR5-92-2015-fra.pdf |